00261nam a2200109Ia 4500008004100000041000800041082002400049100001600073245002100089260003200110300000900142230411s9999 xx 000 0 und d aeng aX/822.33/SHA/B07136 aShakespeare aComedy of Errors bSpark NotesaNew Yorkc2005 a164p